| 000 | 00796nam a2200205 i 4500 | ||
|---|---|---|---|
| 001 | 189765 | ||
| 003 | ES-MaACL | ||
| 005 | 20230906223541.0 | ||
| 008 | 191017s1963 sp |||| | spa d | ||
| 100 | 1 |
_aBallesteros Gaibrois, Manuel, _d1911-2002 _925056 |
|
| 245 | 1 | 0 |
_aDescubrimiento y conquista del Perú / _cM. Ballesteros Gaibrois. |
| 260 |
_aBarcelona : _bSalvat, _c1963. |
||
| 300 |
_aVIII, 483 p., [7] h. de lám. col. y n. : _bil. ; _c24 cm. |
||
| 490 | 1 |
_aHistoria de América y de los pueblos americanos ; _v9 |
|
| 504 | _aBibliografía: p. [468]-483. | ||
| 651 | 4 |
_aPerú- _xHistoria- _yDescubrimiento y conquista, 1522-1548. _99226 |
|
| 830 | 0 |
_aHistoria de América y de los pueblos americanos ; _v9 _9193403 |
|
| 852 |
_aES-MaACL _jP-1009-Bis-2 |
||
| 999 |
_c189765 _d189765 |
||